| 000 | 00434cam a22001337a 4500 | ||
|---|---|---|---|
| 008 | 180718b1827 xxu||||| |||| 00| 0 eng d | ||
| 082 | _aT1 Sa99 | ||
| 100 | _aSay, Jean-Baptiste | ||
| 245 |
_aA Treatis on political economy; or the production, distribution, and consumption of wealth; _cby Jean-Baptiste Say and tr by C.R. Prinsep |
||
| 260 |
_aLondon _bLongmans _c1827 |
||
| 300 | _a2v | ||
| 650 | _aEconomics | ||
| 700 | _aPrinsep, C.R | ||
| 999 |
_c374977 _d374977 |
||